00613 2200205 4500001002100000005001500021035002000036008004100056245009900097100001900196260003800215300003100253020002200284084001700306082001100323650002700334711002400361990001100385990001100396INLIS00000000001180020220617091941 a0010-0622000310220617 g 0 ind 1 aAku Mau Ayah! :bKisah-Kisah Anak yang Terabaikan /cIrwan Rinaldi; editor, Tim Penerbit Senja aIRWAN, Rinaldi aDepok :bSenja Media Utama,c2019 a15 hal. :bilus. ;c15 cm. a978-602-6563-93-4 a297.08 IRW a a297.08 4aISLAM. CERITA KELUARGA0 aTIM, Penerbit Senja a7687 a a7687 b